[Event "GAMMA Reykjavik Open 2019"]
[Site "Reykjavik ISL"]
[Date "2019.04.11"]
[Round "5.20"]
[White "Piasetski, Leon"]
[Black "Christiansen, Johan-Sebastian"]
[Result "1-0"]
[WhiteTitle "IM"]
[BlackTitle "GM"]
[WhiteElo "2222"]
[BlackElo "2571"]
[WhiteFideId "2600072"]
[BlackFideId "1512668"]
[EventDate "2019.04.08"]

1. c4 c5 2. Nf3 Nc6 3. d4 cxd4 4. Nxd4 e5 5. Nb5 a6 6. N5c3 d6 7. Nd5 Nge7 8.
Nbc3 Nf5 9. g3 Rb8 10. a4 Nfd4 11. Be3 Bf5 12. Rc1 g6 13. b4 Bg7 14. a5 O-O 15.
Bg2 Be6 16. Bd2 Kh8 17. O-O f6 18. e3 Nf5 19. Qa4 h5 20. Rfd1 h4 21. Be1 Bd7 22.
Qa3 Be8 23. Rd3 Nh6 24. Rcd1 f5 25. Nb6 Nf7 26. b5 Na7 27. Rd5 Qg5 28. Qb3 Qh5
29. Rb1 Bf6 30. Qd1 Qh6 31. f4 Kg7 32. Qc2 Rh8 33. Kf1 hxg3 34. hxg3 Nc8 35.
bxa6 bxa6 36. Rdd1 Bd8 37. Ncd5 Na7 38. Bc3 Nc6 39. e4 Qh5 40. exf5 gxf5 41. Ne3
Bxb6 42. Rxb6 Rxb6 43. axb6 Bd7 44. fxe5 Ncxe5 45. Rxd6 Qg5 46. Rxd7 Qxe3 47.
Bd4 Qxg3 48. Qxf5 Kh6 49. Qf6+ Ng6 50. Rxf7 Rg8 51. Qf3 1-0

[Event "GAMMA Reykjavik Open 2019"]
[Site "Reykjavik ISL"]
[Date "2019.04.11"]
[Round "5.21"]
[White "Ghazarian, Kirk"]
[Black "Djukic, Nikola"]
[Result "0-1"]
[BlackTitle "GM"]
[WhiteElo "2209"]
[BlackElo "2566"]
[WhiteFideId "30908604"]
[BlackFideId "922412"]
[EventDate "2019.04.08"]

1. d4 g6 2. e4 Bg7 3. Nc3 d6 4. Be3 a6 5. Qd2 Nd7 6. f3 b5 7. O-O-O Bb7 8. h4 h6
9. Nge2 Rc8 10. h5 g5 11. Ng3 e6 12. f4 gxf4 13. Bxf4 Ne7 14. Qe2 Bxd4 15. Rxd4
e5 16. Bxe5 Nxe5 17. Qe3 Rg8 18. Be2 N7c6 19. Rd2 Qg5 20. Qxg5 Rxg5 21. Nf5 Ne7
22. Nxh6 Kf8 23. g4 b4 24. Nd5 Bxd5 25. exd5 Kg7 26. Nf5+ Nxf5 27. gxf5 Rxf5 28.
h6+ Kh7 29. Bxa6 Ra8 30. Bd3 Nxd3+ 31. Rxd3 Rxa2 32. Kb1 Ra8 33. c3 b3 34. c4
Rb8 35. Kc1 Rf4 36. Rc3 Rb4 37. c5 dxc5 38. Rxc5 Rbc4+ 39. Rxc4 Rxc4+ 40. Kd2
Rc5 41. Kd3 Rxd5+ 42. Ke4 Rd2 43. Rf1 Kg6 44. h7 Rh2 45. Rf3 Rxh7 46. Rg3+ Kf6
47. Rxb3 Ke6 48. Kf4 c5 49. Rb6+ Kd5 50. Rf6 Rh2 51. Ke3 Rxb2 52. Rxf7 Kc4 53.
Rc7 Rc2 54. Rc8 Kb3 55. Rb8+ Kc3 56. Rb5 c4 57. Rb1 Rh2 58. Rc1+ Kb3 59. Rb1+
Kc2 60. Ra1 Kb2 61. Ra4 c3 62. Rb4+ Kc1 63. Rb5 c2 64. Rb4 Kd1 65. Rd4+ Ke1 66.
Rc4 Rh3+ 0-1

[Event "GAMMA Reykjavik Open 2019"]
[Site "Reykjavik ISL"]
[Date "2019.04.11"]
[Round "5.22"]
[White "Praggnanandhaa, R"]
[Black "Kristjansson, Atli Freyr"]
[Result "1-0"]
[WhiteTitle "GM"]
[WhiteElo "2537"]
[BlackElo "2198"]
[WhiteFideId "25059530"]
[BlackFideId "2302268"]
[EventDate "2019.04.08"]

1. e4 e5 2. Nf3 Nc6 3. Bb5 Nf6 4. d3 Bc5 5. c3 d5 6. Qe2 O-O 7. O-O Re8 8. Bg5
Bg4 9. Nbd2 dxe4 10. dxe4 h6 11. Bh4 g5 12. Bg3 Nh5 13. Qc4 Nxg3 14. hxg3 Qd6
15. Nh2 Be6 16. Qe2 Bd7 17. b4 Bb6 18. a4 a6 19. Nc4 Qf6 20. Nxb6 cxb6 21. Bc4
Rac8 22. Rad1 Be6 23. Bxe6 Qxe6 24. Ng4 Ne7 25. Rd3 Red8 26. Rfd1 Rxd3 27. Rxd3
Kg7 28. Qd1 Ng6 29. Ne3 Qc6 30. Nf5+ Kf8 31. Qh5 Qf6 32. Qxh6+ Kg8 33. Rd6 Qh8
34. Qxg5 Re8 35. Nh6+ Kg7 36. Nxf7 Qh7 37. Qf6+ Kg8 38. Ng5 1-0

[Event "GAMMA Reykjavik Open 2019"]
[Site "Reykjavik ISL"]
[Date "2019.04.11"]
[Round "5.24"]
[White "Bentel, Robin"]
[Black "Sadzikowski, Daniel"]
[Result "0-1"]
[BlackTitle "GM"]
[WhiteElo "2130"]
[BlackElo "2523"]
[WhiteFideId "12918016"]
[BlackFideId "1132253"]
[EventDate "2019.04.08"]

1. d4 Nf6 2. c4 e6 3. g3 d5 4. Nf3 Nbd7 5. Qc2 Bb4+ 6. Bd2 Be7 7. Bg2 O-O 8. O-O
Ne4 9. Nc3 Nxd2 10. Nxd2 c6 11. Rfd1 Rb8 12. a4 a5 13. Qd3 f5 14. Nf3 Bd6 15. e3
Kh8 16. Ne2 Qe7 17. Qc3 dxc4 18. Qxc4 e5 19. h4 e4 20. Ng5 Nb6 21. Qb3 Nd5 22.
Nc3 Nb4 23. Bf1 h6 24. Nh3 Bd7 25. d5 Be8 26. dxc6 bxc6 27. Nf4 Bf7 28. Bc4 Bxf4
29. Bxf7 Be5 30. Qe6 Rxf7 0-1

[Event "GAMMA Reykjavik Open 2019"]
[Site "Reykjavik ISL"]
[Date "2019.04.11"]
[Round "5.25"]
[White "Low, Zhen Yu Cyrus"]
[Black "Fridjonsson, Julius"]
[Result "1-0"]
[WhiteTitle "IM"]
[WhiteElo "2418"]
[BlackElo "2117"]
[WhiteFideId "5804175"]
[BlackFideId "2300842"]
[EventDate "2019.04.08"]

1. e4 c6 2. d4 d5 3. f3 Qb6 4. Nc3 dxe4 5. fxe4 e5 6. Nf3 exd4 7. Nxd4 Nd7 8.
Ndb5 Ngf6 9. Nd6+ Bxd6 10. Qxd6 Nc5 11. b3 Ne6 12. e5 Ng4 13. Ne4 Qa5+ 14. Bd2
Qxe5 15. Qxe5 Nxe5 16. Bb4 c5 17. Nxc5 Nxc5 18. Bxc5 Bg4 19. h3 Be6 20. O-O-O f6
21. Bd6 Nc6 22. Be2 Kf7 23. Bf3 Rac8 24. Kb2 Rhd8 25. c4 Rd7 26. Bg3 Rcd8 27.
Rxd7+ Rxd7 28. Kc3 Nd4 29. Bd1 Nf5 30. Bf2 b6 31. Bf3 Ne7 32. a4 Ng6 33. a5 Ne5
34. axb6 axb6 35. Be2 Rb7 36. Ra1 Bd7 37. Bd4 Bc6 38. g3 Ke6 39. Ra6 Nd7 40. Kb4
Kd6 41. Ra8 Nc5 42. Rd8+ Rd7 43. Rh8 h6 44. Bg4 Re7 45. Rd8+ Bd7 46. Bxd7 Rxd7
47. Rc8 Rb7 48. Be3 Kd7 49. Rg8 Kc6 50. Rc8+ Kd7 51. Ra8 Kc6 52. g4 Rd7 53. h4
Rd3 54. Bxc5 bxc5+ 55. Ka4 Rg3 56. Ra6+ Kb7 57. Re6 Rxg4 58. Kb5 Rg3 59. Re7+
Kc8 60. Kxc5 Rxb3 61. Rxg7 Re3 62. Rh7 Re8 63. Rxh6 f5 64. Kd6 Rd8+ 65. Ke5 Kc7
66. Rh5 1-0

[Event "GAMMA Reykjavik Open 2019"]
[Site "Reykjavik ISL"]
[Date "2019.04.11"]
[Round "5.29"]
[White "Van de Plassche, Bas"]
[Black "Haraldsson, Haraldur"]
[Result "1-0"]
[WhiteTitle "FM"]
[WhiteElo "2376"]
[BlackElo "2027"]
[WhiteFideId "1001965"]
[BlackFideId "2311100"]
[EventDate "2019.04.08"]

1. d4 Nf6 2. c4 e6 3. Nc3 Bb4 4. e3 d5 5. cxd5 exd5 6. Bd3 O-O 7. Ne2 Re8 8. Bd2
a5 9. Rc1 c6 10. O-O Nbd7 11. a3 Bd6 12. f3 c5 13. Qe1 b6 14. Qf2 Bb7 15. g4 Qe7
16. Ng3 g6 17. g5 Bxg3 18. hxg3 Nh5 19. f4 f5 20. Be2 Ng7 21. Bf3 Qd6 22. Qg2
Re4 23. Bxe4 fxe4 24. Nb5 Qc6 25. a4 Nf5 26. Qh3 Re8 27. Rf2 Ba6 28. g4 Nd6 29.
f5 Nf8 30. dxc5 bxc5 31. Bc3 d4 32. Bxd4 Bxb5 33. axb5 Nxb5 34. Rxc5 Qd7 35.
Rxb5 Qxb5 36. f6 1-0

[Event "GAMMA Reykjavik Open 2019"]
[Site "Reykjavik ISL"]
[Date "2019.04.11"]
[Round "5.30"]
[White "Alashtar, Aasef"]
[Black "Sowray, Peter J"]
[Result "0-1"]
[BlackTitle "FM"]
[WhiteElo "1905"]
[BlackElo "2356"]
[WhiteFideId "7600607"]
[BlackFideId "400971"]
[EventDate "2019.04.08"]

1. b3 d6 2. Bb2 Nd7 3. d4 Ngf6 4. Nf3 g6 5. Nbd2 Bg7 6. e3 O-O 7. Bd3 e5 8. dxe5
Ng4 9. O-O Ndxe5 10. Nxe5 Nxe5 11. Rb1 Nxd3 12. cxd3 Be6 13. Qf3 c6 14. Bxg7
Kxg7 15. Qg3 Qe7 16. e4 Rad8 17. d4 f5 18. Qc3 Bc8 19. Rfe1 fxe4 20. Rxe4 Qf6
21. Qe3 Rf7 22. Re1 Rdf8 23. f3 Bf5 24. Re7 Rxe7 25. Qxe7+ Qxe7 26. Rxe7+ Rf7
27. Re8 Rf8 28. Rxf8 Kxf8 29. g4 Be6 30. Kf2 Ke7 31. Ke3 a5 32. a3 c5 33. h4 Kd7
34. Kd3 b5 35. Kc3 Kc6 36. dxc5 dxc5 37. Kd3 Bxb3 38. Nxb3 c4+ 39. Kc3 cxb3 40.
Kxb3 Kd5 41. f4 Ke4 42. f5 gxf5 43. g5 Kf4 0-1

[Event "GAMMA Reykjavik Open 2019"]
[Site "Reykjavik ISL"]
[Date "2019.04.11"]
[Round "5.31"]
[White "Bjornsson, Sigurbjorn"]
[Black "Bjorgvinsson, Andri Freyr"]
[Result "1-0"]
[WhiteTitle "FM"]
[WhiteElo "2312"]
[BlackElo "2058"]
[WhiteFideId "2300974"]
[BlackFideId "2306913"]
[EventDate "2019.04.08"]

1. e4 c5 2. Nf3 e6 3. d4 cxd4 4. Nxd4 Nc6 5. Nc3 Qc7 6. g3 a6 7. Bg2 Nf6 8. O-O
Nxd4 9. Qxd4 Bc5 10. Bf4 d6 11. Qd2 h6 12. Rad1 e5 13. Be3 Be6 14. Bxc5 dxc5 15.
Nd5 Bxd5 16. exd5 Qd6 17. c4 O-O 18. Rfe1 Rab8 19. Re2 b5 20. Rde1 Rfe8 21. b3
bxc4 22. bxc4 Rb4 23. Qc3 Nd7 24. Bh3 f6 25. f4 Nb6 26. Be6+ Kh8 27. fxe5 fxe5
28. Rxe5 Rxc4 29. Qd3 Rf8 30. Rf5 Re8 31. Rf7 Rd4 32. Qg6 Rg8 33. Rxg7 Rxg7 34.
Qe8+ Kh7 35. Bf5+ Qg6 36. Bxg6+ Rxg6 37. Qf7+ Rg7 38. Qf5+ 1-0

[Event "GAMMA Reykjavik Open 2019"]
[Site "Reykjavik ISL"]
[Date "2019.04.11"]
[Round "5.32"]
[White "Jacobsen, Mikkel Manosri"]
[Black "Petursson, Gudni"]
[Result "1-0"]
[WhiteTitle "FM"]
[WhiteElo "2302"]
[BlackElo "2020"]
[WhiteFideId "1444514"]
[BlackFideId "2301725"]
[EventDate "2019.04.08"]

1. Nf3 Nf6 2. b3 d5 3. Bb2 e6 4. e3 Be7 5. d4 O-O 6. Bd3 b6 7. Nbd2 Bb7 8. O-O
c5 9. c4 cxd4 10. exd4 Nc6 11. Qe2 Rc8 12. Rad1 Bd6 13. Ne5 Qe7 14. f4 Ba3 15.
Ba1 Rcd8 16. Qe3 Bb4 17. Ndf3 g6 18. Kh1 Bd6 19. c5 Bb8 20. Nxc6 Bxc6 21. Ne5
Bb7 22. Rc1 bxc5 23. dxc5 Ne8 24. c6 Bc8 25. c7 Bxc7 26. Qxa7 Rd7 27. Nxd7 Qxd7
28. a4 Bd6 29. Qd4 f6 30. Bb5 Qf7 1-0

[Event "GAMMA Reykjavik Open 2019"]
[Site "Reykjavik ISL"]
[Date "2019.04.11"]
[Round "5.34"]
[White "Jensson, Erlingur"]
[Black "Chittka, Julius"]
[Result "0-1"]
[WhiteElo "1559"]
[BlackElo "2268"]
[WhiteFideId "2303019"]
[BlackFideId "12954772"]
[EventDate "2019.04.08"]

1. d4 Nf6 2. Nf3 g6 3. c4 Bg7 4. Nc3 d5 5. e3 O-O 6. Be2 c5 7. dxc5 dxc4 8. O-O
Nbd7 9. Bxc4 Nxc5 10. Nd2 Bf5 11. Nb3 Qc8 12. Nxc5 Qxc5 13. Qb3 Rac8 14. Be2 Ne4
15. Na4 Qa5 16. Qb5 Qxb5 17. Bxb5 Rfd8 18. Be2 Rc2 19. Bd1 Rxf2 20. Rxf2 Nxf2
21. Bf3 Nd3 22. Bxb7 Bh6 23. e4 Nxc1 24. Nc3 Be6 25. Ba6 Rd6 26. Bf1 Nd3 27. Nb5
Be3+ 0-1

[Event "GAMMA Reykjavik Open 2019"]
[Site "Reykjavik ISL"]
[Date "2019.04.11"]
[Round "5.35"]
[White "Saduakassova, Dinara"]
[Black "Laustsen, Lars"]
[Result "1/2-1/2"]
[WhiteTitle "IM"]
[WhiteElo "2461"]
[BlackElo "2155"]
[WhiteFideId "13700090"]
[BlackFideId "1407554"]
[EventDate "2019.04.08"]

1. Nf3 c5 2. c4 Nc6 3. Nc3 Nd4 4. e3 Nxf3+ 5. Qxf3 g6 6. g3 d6 7. Bg2 Bg7 8. O-O
Nh6 9. Qd1 O-O 10. Rb1 Rb8 11. h3 Be6 12. d3 a6 13. e4 b5 14. Be3 Kh8 15. Qd2
Ng8 16. cxb5 axb5 17. d4 Bc4 18. Rfc1 b4 19. Nd5 Bxa2 20. Ra1 Bxd5 21. exd5 cxd4
22. Bxd4 Bxd4 23. Qxd4+ Nf6 24. Ra7 Ra8 25. Rb7 Rb8 26. Qxb4 Re8 27. Rxb8 Qxb8
28. Qd4 Kg8 29. Rc6 Nd7 30. Qc3 Ne5 31. Rc7 Qb6 32. Rc8 Rxc8 33. Qxc8+ Kg7 34.
Qc3 Qc5 35. Qd2 Nc4 36. Qe2 Kf8 37. b3 Ne5 38. Qb2 f6 39. b4 Qb5 40. Qc3 Qe2 41.
Qd4 Ke8 42. Qe4 Qd1+ 43. Kh2 1/2-1/2

[Event "GAMMA Reykjavik Open 2019"]
[Site "Reykjavik ISL"]
[Date "2019.04.11"]
[Round "5.36"]
[White "Suleymenov, Alisher"]
[Black "Abrahams, Daniel"]
[Result "1-0"]
[WhiteTitle "IM"]
[WhiteElo "2431"]
[BlackElo "2143"]
[WhiteFideId "13707833"]
[BlackFideId "2606879"]
[EventDate "2019.04.08"]

1. d4 Nf6 2. c4 e6 3. g3 Bb4+ 4. Bd2 a5 5. Nf3 d6 6. Bg2 Nbd7 7. O-O e5 8. Nc3
exd4 9. Nxd4 O-O 10. Qc2 Re8 11. Rad1 Ne5 12. Bg5 Bxc3 13. Qxc3 Ne4 14. f4 Qxg5
15. Bxe4 Qh6 16. fxe5 Rxe5 17. Qf3 1-0

[Event "GAMMA Reykjavik Open 2019"]
[Site "Reykjavik ISL"]
[Date "2019.04.11"]
[Round "5.37"]
[White "Briem, Stephan"]
[Black "Pigott, John C"]
[Result "1-0"]
[BlackTitle "IM"]
[WhiteElo "2138"]
[BlackElo "2384"]
[WhiteFideId "2312506"]
[BlackFideId "400459"]
[EventDate "2019.04.08"]

1. d4 Nf6 2. c4 e6 3. Nc3 Bb4 4. e3 O-O 5. Ne2 Re8 6. a3 Bf8 7. Ng3 d5 8. Be2 b6
9. O-O Ba6 10. cxd5 Bxe2 11. Qxe2 exd5 12. b4 c6 13. Bd2 Nbd7 14. b5 c5 15. Qf3
a6 16. a4 cxd4 17. exd4 Bb4 18. Bg5 Bxc3 19. Qxc3 h6 20. Bf4 Rc8 21. Qb3 axb5
22. axb5 Nf8 23. Rac1 Ng6 24. Be3 Qd7 25. h3 Nf8 26. Bf4 Ng6 27. Be3 Nf8 28. Ne2
Ne6 29. Nc3 Rc4 30. Nxd5 1-0

[Event "GAMMA Reykjavik Open 2019"]
[Site "Reykjavik ISL"]
[Date "2019.04.11"]
[Round "5.38"]
[White "Vaishali, R"]
[Black "Walton, Alan J"]
[Result "0-1"]
[WhiteTitle "WGM"]
[BlackTitle "CM"]
[WhiteElo "2353"]
[BlackElo "2132"]
[WhiteFideId "5091756"]
[BlackFideId "409898"]
[EventDate "2019.04.08"]

1. e4 e6 2. d4 d5 3. Nc3 Nf6 4. e5 Nfd7 5. f4 c5 6. Nf3 Nc6 7. Be3 cxd4 8. Nxd4
Bc5 9. Qd2 a6 10. O-O-O O-O 11. Nb3 Bxe3 12. Qxe3 b5 13. Bd3 Nb4 14. f5 Nxd3+
15. Rxd3 b4 16. Na4 Qc7 17. Re1 exf5 18. e6 Nf6 19. e7 Re8 20. Nb6 Rb8 21. Nxd5
Nxd5 22. Rxd5 Be6 23. Rc5 Qxh2 24. Nd4 Rxe7 25. Nc6 Ree8 26. Nxb8 Rxb8 27. Rxf5
Qxg2 28. Rg5 Qb7 29. Reg1 g6 30. Rh5 Qb6 31. Qg3 Rc8 32. Qh2 b3 33. axb3 Bxb3
34. Rhg5 Rxc2+ 35. Qxc2 Bxc2 36. Kxc2 h6 37. R5g3 h5 38. Kb1 h4 39. Rg4 Qf2 40.
R4g2 Qf5+ 41. Ka1 Kg7 42. Rh2 Qf4 43. Rgh1 g5 44. Kb1 Kg6 45. Ka1 f5 46. Kb1
Qe4+ 47. Ka1 f4 48. Rg1 f3 49. Rf1 Kh5 50. Rfh1 f2 0-1

[Event "GAMMA Reykjavik Open 2019"]
[Site "Reykjavik ISL"]
[Date "2019.04.11"]
[Round "5.40"]
[White "Baldursson, Hrannar"]
[Black "Stefansson, Vignir Vatnar"]
[Result "0-1"]
[BlackTitle "FM"]
[WhiteElo "2122"]
[BlackElo "2293"]
[WhiteFideId "2301156"]
[BlackFideId "2308649"]
[EventDate "2019.04.08"]

1. c4 d6 2. g3 e5 3. Bg2 f5 4. d3 Nf6 5. Nc3 Be7 6. e3 O-O 7. Nge2 c6 8. O-O Qe8
9. Bd2 Qh5 10. f3 g5 11. h3 f4 12. exf4 gxf4 13. g4 Qg6 14. Ne4 Nxe4 15. dxe4 h5
16. Bc3 Na6 17. b4 Be6 18. Qd3 Rad8 19. Rad1 Qf7 20. c5 dxc5 21. Qc2 Nxb4 22.
Qb2 hxg4 23. fxg4 Rxd1 24. Rxd1 f3 25. Rf1 f2+ 26. Kh2 Bc4 27. Ng3 Bxf1 28. Bxf1
Qf3 29. Bxe5 Kh7 30. Qd2 Rd8 31. Qb2 Bg5 32. a3 Rd2 33. Qc1 Nc2 34. Qb2 b5 35.
Qa2 Nd4 36. Qb1 Rd1 37. Qa2 c4 38. Qb2 a5 39. Bg2 Rd2 40. Qxd2 Bxd2 0-1

[Event "GAMMA Reykjavik Open 2019"]
[Site "Reykjavik ISL"]
[Date "2019.04.11"]
[Round "5.41"]
[White "L'Ami, Alina"]
[Black "Maroroa, Sue"]
[Result "0-1"]
[WhiteTitle "IM"]
[BlackTitle "WIM"]
[WhiteElo "2290"]
[BlackElo "2128"]
[WhiteFideId "1210246"]
[BlackFideId "4301498"]
[EventDate "2019.04.08"]

1. d4 Nf6 2. c4 g6 3. Nc3 Bg7 4. e4 d6 5. Bg5 O-O 6. Qd2 c5 7. d5 a6 8. a4 Qa5
9. Be3 e6 10. Nge2 exd5 11. exd5 Nbd7 12. f4 b5 13. cxb5 c4 0-1

[Event "GAMMA Reykjavik Open 2019"]
[Site "Reykjavik ISL"]
[Date "2019.04.11"]
[Round "5.42"]
[White "Ortega Ruiz, Jose Miguel"]
[Black "Maxion, Dirk"]
[Result "1-0"]
[WhiteTitle "FM"]
[BlackTitle "FM"]
[WhiteElo "2281"]
[BlackElo "2110"]
[WhiteFideId "2209713"]
[BlackFideId "4601777"]
[EventDate "2019.04.08"]

1. d4 Nf6 2. c4 g6 3. Nc3 Bg7 4. e4 d6 5. Nf3 O-O 6. Be2 Nbd7 7. Be3 e5 8. d5
Ng4 9. Bg5 f6 10. Bh4 a5 11. Nd2 Nh6 12. g4 Nf7 13. Bg3 Bh6 14. h4 Nc5 15. Nf1
Bd7 16. Ne3 Bxe3 17. fxe3 a4 18. Rg1 Kg7 19. Kf1 Nh6 20. Bf2 Ra6 21. Rc1 Kh8 22.
Rg2 Nf7 23. Kg1 Rg8 24. Kh1 Rb6 25. Qc2 Qc8 26. Rcg1 Rf8 27. Be1 Ra6 28. Nd1 Qe8
29. b4 axb3 30. axb3 Qa8 31. Bf3 Qa7 32. b4 Na4 33. b5 Rb6 34. Nc3 Ra8 35. g5
fxg5 36. hxg5 c6 37. Rh2 Nxc3 38. Bxc3 cxb5 39. Qf2 Qb8 40. Bg4 Qe8 41. Qf6+ Kg8
42. Be6 b4 43. Rxh7 Kxh7 44. Bxf7 Qf8 45. Qxg6+ Kh8 46. Rg2 1-0

[Event "GAMMA Reykjavik Open 2019"]
[Site "Reykjavik ISL"]
[Date "2019.04.11"]
[Round "5.46"]
[White "Danielsen, Arne"]
[Black "Abbas, Daniel"]
[Result "0-1"]
[BlackTitle "FM"]
[WhiteElo "2065"]
[BlackElo "2253"]
[WhiteFideId "1501968"]
[BlackFideId "423831"]
[EventDate "2019.04.08"]

1. d4 Nf6 2. c4 e6 3. Nc3 Bb4 4. e3 b6 5. Bd3 Bb7 6. f3 c5 7. Ne2 cxd4 8. exd4
Be7 9. O-O d5 10. cxd5 Nxd5 11. Bb5+ Bc6 12. Qa4 Qd7 13. Nxd5 exd5 14. Nc3 O-O
15. Bf4 Rd8 16. Rfe1 Bh4 17. Rec1 a6 18. Bxc6 Nxc6 19. Ne2 b5 20. Qd1 Re8 21.
Rc2 Nb4 22. Rc7 Qf5 23. Be5 Bd8 24. Rc3 Bb6 25. Kf1 Rac8 26. a3 Rxc3 27. bxc3
Nc2 28. Qb1 Qd3 0-1

[Event "GAMMA Reykjavik Open 2019"]
[Site "Reykjavik ISL"]
[Date "2019.04.11"]
[Round "5.48"]
[White "Botez, Alexandra"]
[Black "Stoyanov, Viktor"]
[Result "1-0"]
[WhiteTitle "WFM"]
[WhiteElo "2033"]
[BlackElo "2238"]
[WhiteFideId "2603365"]
[BlackFideId "450308"]
[EventDate "2019.04.08"]

1. d4 Nf6 2. c4 c5 3. d5 e6 4. Nc3 exd5 5. cxd5 d6 6. Nf3 g6 7. Bf4 Bg7 8. e3
O-O 9. Be2 Na6 10. O-O Nc7 11. a4 Re8 12. h3 Bf5 13. Qb3 Ne4 14. Rfd1 Rb8 15.
Nd2 Nxd2 16. Rxd2 g5 17. Bg3 Bg6 18. Bd3 f5 19. Qc2 Qf6 20. Bh2 Kh8 21. Re1 Na6
22. Nb5 Nb4 23. Qb3 Nxd3 24. Qxd3 f4 25. e4 Qe7 26. f3 a6 27. Na3 b5 28. axb5
axb5 29. Nxb5 Qd7 30. Nc3 Rb4 31. Ra1 Reb8 32. Ra2 Qb7 33. Kh1 Ra8 34. Rxa8+
Qxa8 35. Qf1 Qb7 36. Qc1 Rb3 37. Bg1 Qa6 38. Bf2 Be5 39. Kh2 Be8 40. g4 Rb7 41.
Kg2 h5 42. Qf1 Qa5 43. Qc1 hxg4 44. hxg4 Rh7 45. Rd1 Qa6 46. Rh1 Rxh1 47. Qxh1+
Kg7 48. Qd1 Qa5 49. Be1 Qb4 50. Qa1 Qb3 51. Qc1 Bd7 52. Nd1 Ba4 53. Nc3 Qc4 54.
Qa1 Be8 55. Qa7+ Bf7 56. Qe7 Kg6 57. Qd7 Kg7 58. Qf5 Qb3 59. Qxg5+ Bg6 60. Ne2
Qxb2 61. Kf1 Qb3 62. Qe7+ Kg8 63. Qd8+ Kg7 64. Qe7+ Bf7 65. Qg5+ Kf8 66. Qh6+
Ke8 67. Qh3 c4 68. g5 Qb7 69. g6 Bg8 70. Qh5 Qg7 71. Qg4 Qd7 72. Qxd7+ Kxd7 73.
Bd2 Ke7 74. Nxf4 Kf6 75. Ke2 Bd4 76. Kd1 Be5 77. Kc2 Kg5 78. Nd3+ Kxg6 79. Nxe5+
dxe5 80. Bc3 Kf6 1-0

[Event "GAMMA Reykjavik Open 2019"]
[Site "Reykjavik ISL"]
[Date "2019.04.11"]
[Round "5.49"]
[White "Jaksland, Tim"]
[Black "Mai, Aron Thor"]
[Result "0-1"]
[WhiteTitle "FM"]
[WhiteElo "2222"]
[BlackElo "2067"]
[WhiteFideId "1401084"]
[BlackFideId "2313383"]
[EventDate "2019.04.08"]

1. Nf3 c5 2. c4 Nf6 3. b3 d5 4. cxd5 Nxd5 5. Bb2 Nc6 6. Nc3 f6 7. Nxd5 Qxd5 8.
e3 Nb4 9. d4 cxd4 10. Bc4 Qa5 11. O-O Bd7 12. Nxd4 O-O-O 13. a3 Nc6 14. Nxc6
Bxc6 15. Be6+ Kb8 16. Qg4 h5 17. Qg3+ Ka8 18. Rad1 Rd6 19. Rxd6 exd6 20. Rd1 h4
21. Qg6 Qd8 22. b4 Rh6 23. Qd3 Rh5 24. f3 h3 25. g4 Rh8 26. Kf2 Be7 27. Bd5 Bd7
28. Qe4 Bc8 29. Rc1 f5 30. gxf5 Bh4+ 31. Ke2 Bf6 32. Bxf6 Qxf6 33. Rxc8+ Rxc8
34. Bxb7+ Kb8 35. Bxc8 Qb2+ 36. Kd1 Qa1+ 37. Kd2 Kxc8 38. Qc6+ Kb8 39. Qxd6+ Kb7
40. Qd7+ Kb8 41. Qd6+ Kb7 42. b5 Qb2+ 43. Kd3 Qb3+ 44. Kd4 Qb2+ 45. Kd5 Qb3+ 46.
Ke4 Qc2+ 47. Qd3 Qxh2 48. Qd5+ Kb8 49. Qg8+ Kb7 50. Qxg7+ Kb8 51. Qg8+ Kc7 52.
Qc4+ Kd8 53. Qd5+ Ke7 54. Qe6+ Kf8 55. f6 Qc2+ 56. Kf4 Qc7+ 57. Ke4 h2 58. Qh3
Qc4+ 59. Ke5 Qc5+ 60. Kf4 Qd6+ 61. Ke4 Kf7 62. Qh6 Qe6+ 63. Kd3 Qb3+ 64. Ke4
Qe6+ 65. Kd3 Qb3+ 66. Kd4 Qd1+ 67. Ke4 Qb1+ 68. Kf4 h1=Q 69. Qg7+ Ke6 70. Qe7+
Kd5 71. Qd7+ Kc4 72. Qd4+ Kxb5 73. Qd5+ Ka4 74. Qc4+ Kxa3 75. Qa6+ Kb3 76. Qb5+
Kc3 77. Qc5+ Kd2 78. Qa5+ Ke2 79. Qa6+ Kf2 0-1

[Event "GAMMA Reykjavik Open 2019"]
[Site "Reykjavik ISL"]
[Date "2019.04.11"]
[Round "5.51"]
[White "Mayrhuber, Nikola"]
[Black "Ingvason, Johann"]
[Result "1/2-1/2"]
[WhiteTitle "WFM"]
[WhiteElo "1977"]
[BlackElo "2181"]
[WhiteFideId "1637819"]
[BlackFideId "2301431"]
[EventDate "2019.04.08"]

1. d4 Nf6 2. c4 c5 3. d5 b5 4. Nf3 g6 5. Qc2 Bg7 6. e4 b4 7. Bd3 d6 8. O-O O-O
9. h3 a5 10. Nbd2 a4 11. Rb1 Nh5 12. Re1 Nf4 13. Bf1 e5 14. dxe6 Nxe6 15. b3 Nc6
16. Bb2 Ncd4 17. Nxd4 Nxd4 18. Qd3 axb3 19. Nxb3 Rxa2 20. Bxd4 cxd4 21. Ra1 Rxa1
22. Rxa1 Qb6 23. Rd1 Bb7 24. Nxd4 Re8 25. Nb5 Bxe4 26. Qxd6 Qxd6 27. Nxd6 Rd8
28. c5 Bc2 29. Rd5 b3 30. c6 b2 31. c7 Rf8 32. Rb5 b1=Q 33. Rxb1 Bxb1 34. c8=Q
Rxc8 35. Nxc8 Kf8 36. Nd6 Ke7 37. Nc4 Bc3 38. Ne3 Bd4 39. Nc4 Bc5 40. Nd2 Bc2
41. Nf3 f5 42. g3 Kf6 43. Ne1 Bb3 44. Nd3 Bb6 45. h4 Bd5 46. Bg2 Bc4 47. Bf1 Bc7
48. f4 Bb6+ 49. Kh2 Bd5 50. Ne1 Bb3 51. Nf3 Bd5 52. Be2 Ke7 53. Kh3 1/2-1/2

[Event "GAMMA Reykjavik Open 2019"]
[Site "Reykjavik ISL"]
[Date "2019.04.11"]
[Round "5.52"]
[White "Esbensen, Arnt"]
[Black "Nilssen, Ellen Fredericia"]
[Result "1-0"]
[BlackTitle "WFM"]
[WhiteElo "2176"]
[BlackElo "2048"]
[WhiteFideId "1503251"]
[BlackFideId "1441230"]
[EventDate "2019.04.08"]

1. d4 Nf6 2. c4 g6 3. Nc3 d5 4. Nf3 Bg7 5. Bg5 Ne4 6. Bf4 Nxc3 7. bxc3 dxc4 8.
Qa4+ c6 9. Qxc4 Qd5 10. e3 Be6 11. Qa4 b5 12. Qa3 Nd7 13. Be2 Bf6 14. O-O O-O
15. Nd2 Nb6 16. Bf3 Qd7 17. Ne4 Bg4 18. Bxg4 Qxg4 19. Nd2 h5 20. h3 Qf5 21. Bg3
Qd3 22. Rad1 a5 23. Nf3 Qc4 24. Nd2 Qd3 25. Nf3 Qc4 26. Rc1 c5 27. Qxc5 Qxc5 28.
dxc5 Na4 29. Nd4 Nxc5 30. Nxb5 Ne4 31. Bc7 Rfc8 32. c4 Ra6 33. Rfd1 a4 34. f3
Nc5 35. Kf1 Rc6 36. Rd8+ Rxd8 37. Bxd8 Nd3 38. Rc2 Nb4 39. Rd2 Rxc4 40. Ke2 Bh4
41. a3 Nc6 42. Bb6 Rc1 43. Bd4 g5 44. Bb2 Re1+ 45. Kd3 Na5 46. Nc3 Nb3 47. Re2
Nc1+ 48. Bxc1 Rxc1 49. Ra2 Be1 50. Nxa4 Ba5 51. Rb2 Ra1 52. Rb3 Bc7 53. Nb2 Rg1
54. Nc4 Kg7 55. a4 Rxg2 56. Rb7 Bd8 57. Rd7 Ra2 58. Rxd8 Rxa4 59. Nd2 Rh4 60.
Ne4 Rxh3 61. Nxg5 Rh1 62. Ke2 h4 63. Rd1 Rh2+ 64. Kd3 Rg2 65. f4 e5 66. Rh1 exf4
67. exf4 Rg4 68. Ke4 Kf6 69. Nf3 Rg2 70. Rxh4 Re2+ 71. Kd3 Re7 72. Rh5 Kg6 73.
Re5 Ra7 74. Ke3 Rb7 75. Nh4+ Kf6 76. Kf3 Ra7 77. Kg4 Rb7 78. Rf5+ Kg7 79. Rh5
Rb1 80. Nf5+ Kg8 81. Rh3 Rb6 82. Rh6 Rb1 83. Kg5 Rb2 84. Rd6 Rf2 85. Rd8+ Kh7
86. Rd7 1-0